000 00454nam a22001817a 4500
003 MPLRDC
005 20220104142727.0
008 210129b ||||| |||| 00| 0 eng d
020 _a957-9528-28-4
082 _a782.886 HLC v.2
100 _a胡兰成
245 _a今生今世. 下
_c
250 _a初版一刷
260 _a台湾
_b三三书坊
_c1990
300 _b663
650 _a中国人物传记--胡兰成
942 _cBK
_o782.886 HLC v.2
999 _c33218
_d33208